000 00434nab a2200145Ia 4500
003 ES-SlBCS
005 20210601125250.0
008 140529s1987 xxu||||| |||| 00| 0 eng d
041 _aeng
100 1 _aGoldstick, Dan
_9138703
245 0 0 _aSecondary Qualities
_c Dan Goldstick
650 0 4 _aCualidades Secundarias
_9151407
773 0 _tPhilosophy and Phenomenological Research
_gvol. 48, 1987, págs. 145-146
_wRev1411
942 _cAR
999 _c527511
_d527511